Geography Quiz

Random Geography or World Quiz
Score 0/20 Timer 04:00
1 Play Today
First Letter Country % Correct
UUruguay
89.3%
FFinland
87.2%
FFiji
80.1%
PParaguay
79.2%
JJamaica
73.2%
HHonduras
73.1%
VVenezuela
70.2%
LLesotho
69.3%
IIran
68.1%
KKosovo
67.5%
First Letter Country % Correct
DDjibouti
63.7%
SSenegal
62.5%
NNetherlands
60%
EEgypt
56.2%
PPortugal
55.4%
CCameroon
52.7%
BBelgium
51%
GGuinea-Bissau
44.7%
NNew Zealand
42.6%
TTimor-Leste
34%
Remove Ads.
Support Sporcle.
Get the best of Sporcle when you Go Orange. This ad-free experience offers more features, more stats, and more fun while also helping to support Sporcle. Thank you for becoming a member.

You're not logged in!

Compare scores with friends on all Sporcle quizzes.
OR
Log In

Show Comments

Extras

Top Quizzes Today


Score Distribution

Your Account Isn't Verified!

In order to create a playlist on Sporcle, you need to verify the email address you used during registration. Go to your Sporcle Settings to finish the process.

Report this User

Report this user for behavior that violates our Community Guidelines.

Details: